000
00249nam a2200097Ia 4500
001
979193
005
20250826220802.0
008
250824s9999 xx 000 0 und d
245
0
_a
FİL OZOF'UN DOĞA GÜNLÜĞÜ
_c
FATİH DİKMEN
260
_b
TAZE KİTAP
999
_c
979193
_d
979193